Statistics for Every Pokémon Region

Click here to take the quiz!

General Stats

  • This quiz has been taken 40 times
    (29 since last reset)
  • The average score is 10 of 23

Answer Stats

HintAnswer% Correct
Gen 3Hoenn
100%
Gen 2Johto
100%
Gen 6Kalos
100%
Gen 1Kanto
100%
Gen 4Sinnoh
96%
Gen 5Unova
96%
Gen 7Alola
92%
Gen 8Galar
92%
Gen 9Paldea
88%
Adventures on ------ -------Orange Islands
27%
ColosseumOrre
23%
Ranger: Shadows of -----Almia
19%
Ranger: Guardian SignsOblivia
15%
RangerFiore
12%
Pokémon SnapPokémon Island
12%
FireRed, LeafGreen, EmeraldSevii Islands
12%
Adventures in Unova and BeyondDecolore Islands
8%
TournamentFerrum
8%
Trading Card GameHolon
8%
New Pokémon SnapLental
8%
MastersPasio
8%
ConquestRansei
8%
Battle RevolutionPokétopia
0%

Score Distribution

Percentile by Number Answered

Percent of People with Each Score

Your Score History

You have not taken this quiz since the last reset